01029nam a2200289 a 450000100060000000300080000600500170001400800410003102000150007202000220008703500190010904000270012804100080015508200290016324500780019226000790027030000270034950400510037665000600042765000350048765000340052265000310055665000280058765000210061565100750063670000280071163249BD-RjUL20211209081156.0170129s1996 enk b 001 0 eng  a0340652896 a0340652888 (pbk.) a(BD-RjUL)63378 aDLCcDLCdBD-RjULbeng aeng00a801.950904223bCON 199600aContemporary postcolonial theory :ba reader /cedited by Padmini Mongia. aLondon ;bDistributed exclusively in the USA by St Martin's Press,cc1996. aviii, 407 p. ;c24 cm. aIncludes bibliographical references and index. 0aLiterature, ModernxHistory and criticismxTheory, etc. 0aPostcolonialism in literature. 0aDecolonization in literature. 0aImperialism in literature. 0aColonies in literature. 0aPostcolonialism. 0aDeveloping countriesxLiteraturesxHistory and criticismxTheory, etc.1 aMongia, Padmini,d1960-